000 00328nam a22001457a 4500
003 OSt
005 20170310131902.0
008 170310b xxu||||| |||| 00| 0 eng d
020 _a9780495915782
040 _cN/A
100 _aRichard Roth
245 _aDesign Basics 3D
260 _aUSA
_bWadsworth
_c2013
942 _2lcc
_cBK
999 _c256274
_d256273